00803nam a2200205Ia 4500003000900000008004100009040001600050080001700066245013800083260005300221300001500274490004000289650002200329650004100351650002700392700002600419942000700445999001500452952013000467IN-BaIIA211028s9999 xx 000 0 eng d cIIA Library a52(091)bSAR 0aAryabhatiya of aryabhatabwith the commentary of Suryadeva Yajvancedited by K.V. Sarma  aNew DelhibIndian National Science Academyc1976 alii, 200p. aAryabhatiya Critical Edition Series aAryabhatiya99399 aAstronomy and Astrophysics Thesaurus aAstronomy-History9900 aSarma, K.V ed.912550 cBK c7318d7318 00104070aBANbBANcGENd1983-04-07g25.00l1o52(091)/ SARp8125r2025-02-27s2025-02-27v25.00w1983-04-07yBKGRs. 25.00